000 00806nam a2200205 a 4500
003 0
005 20250424144714.0
008 050808s19uu xx 00 eng d
050 _aPHS HV 5135.A43
_b.K38 2005
100 _aKauer, Ronald Randolph D.
245 _aAlcoholism to teenage delinquency /
_cRonald Randolph D. Kauer.
260 _aLas PiƱas City, Philippines :
_bSouthville International School and Colleges,
_c2005.
300 _a45 pages :
_billustrations ;
_c28 cm.
504 _aIncludes bibliographical references.
650 _2Library of Congress Subject Headings
_aTeenage alcoholics
_zPhilippines.
650 _2Library of Congress Subject Headings
_aJuvenile delinquency
_zPhilippines.
650 _aAdolescents
_xConduct of life
_zPhilippines.
942 _2lcc
_cPASS
999 _c97251
_d97251